000 00465nam a2200169Ia 4500
003 GCL
008 140319s9999 xx 000 0 eng d
040 _aGCL /
_cGCL
082 0 4 _aCC
_b962.02
_bD D
100 1 _aDENOIX, SYLVIE
245 1 0 _aDECRIRE LE CAIRE FUSTAT - MISR D'APRES IBN DUQMAQ ET MAQRIZI /
_cDENOIX, SYLVIE
260 _a[S.N] :
_bINSTITUT D'ORIENT ،
_c1992
300 _a159 P
650 0 4 _aCAIRO
650 0 4 _aEGYPT - HISTORY
942 _2ddc
_cBK
999 _c19242
_d19242